Os de la main aléatoires par images - Statistiques

Statistiques générales
  • Ce quiz a été pris 2 563 fois
  • Le résultat moyen est 8 sur 12
Statistiques - réponses
Par images Réponse % Correct
Métacarpes
85%
Phalanges distales
75%
Phalanges médianes
73%
Phalanges proximales
71%
Trapèze
66%
Trapèzoïde
64%
Capitatum
60%
Pisiforme
59%
Lunatum
58%
Scaphoïde
58%
Os hamatum
55%
Triquetrum
50%
Aucun quiz correspondant
Distribution des résultats
% des personnes avec chaque résultat
Percentile par nombre de réponses
Votre historique - résultats
Vous n’avez pas pris ce quiz